| 000 | 00714cab a2200253 4500 | ||
|---|---|---|---|
| 001 | WB3511-41 | ||
| 008 | 090401t1999 xxu||||| |||| 00| 0 eng d | ||
| 035 | _a(Sirsi) u92152 | ||
| 041 | _aeng | ||
| 245 | _aNegligent valuation | ||
| 260 | _c1999 | ||
| 350 | _a0 | ||
| 490 |
_aEstates Gazette Case Summaries _v[1999] EGCS 26 (2) |
||
| 650 | _aDAMAGES | ||
| 650 | _aLAW REFORM (CONTRIBUTORY NEGLIGENCE) ACT 1945 | ||
| 650 | _aNEGLIGENCE | ||
| 650 | _aNEGLIGENT VALUATIONS | ||
| 650 | _aOVERVALUATION | ||
| 650 | _aPLATFORM HOME LOANS LTD V OYSTON SHIPWAYS LTD AND OTHERS | ||
| 650 | _aVALUERS | ||
| 690 | _aMANAGEMENT-BUSINESS MANAGEMENT-PROFESSIONAL PRACTICE | ||
| 942 | _n0 | ||
| 948 | _c17/03/1999 | ||
| 999 |
_c58425 _d58425 |
||